| 000 | 00696cam a22002411 4500 | ||
|---|---|---|---|
| 001 | sa 65000850 | ||
| 003 | DLC | ||
| 005 | 20260227112106.0 | ||
| 008 | 790706s1963 io a 000 1 ind | ||
| 010 | _asa 65000850 | ||
| 025 | _aPL480:Indo-1054 | ||
| 035 | _a(OCoLC)5145959 | ||
| 040 |
_aDLC _cIDeKN _dWU _dDLC |
||
| 042 | _apremarc | ||
| 050 | 0 | 0 |
_aPL5089.S8 _bK6 |
| 100 | 1 |
_aSutiasumarga, Rusman, _d1917- |
|
| 245 | 1 | 0 |
_aKorban romantik / _ctjerpen Rusman Sutiasumarga. |
| 260 |
_aDjakarta : _bBalai Pustaka, _c1963. |
||
| 300 |
_a16 p. : _bill. ; _c18 cm. |
||
| 490 | 1 | _aSeri sastera moderen | |
| 650 | 0 | _aShort stories, Indonesian. | |
| 810 | 2 |
_aBalai Pustaka, PN. _tSeri sastera moderen |
|
| 999 |
_c61781 _d61781 |
||